| 000 | 01029nam a2200289 a 4500 | ||
|---|---|---|---|
| 008 | |||
| 020 | _a0471191965 (pbk.) | ||
| 049 | _aMAIN | ||
| 090 | _aQP620 | ||
| 245 | 0 | 0 |
_aBioinformatics : _ba practical guide to the analysis of genes and proteins / _cedited by Andreas D. Baxevanis, B.F. Francis Ouellette. |
| 260 |
_aNew York : _bJohn Wiley, _cc1998. |
||
| 300 |
_axiv, 370 p., [4] p. of plates : _bill. (some col.) ; _c26 cm. |
||
| 440 | 0 |
_aMethods of biochemical analysis ; _vv. 39. |
|
| 504 | _aIncludes bibliographical references. | ||
| 500 | _aIncludes index. | ||
| 650 | 0 |
_aNucleotide sequence _xDatabases. |
|
| 650 | 0 |
_aAmino acid sequence _xDatabases. |
|
| 650 | 0 |
_aGenes _xAnalysis _xData processing. |
|
| 650 | 0 |
_aProteins _xAnalysis _xData processing. |
|
| 700 | 1 | _aBaxevanis, Andreas D. | |
| 700 | 1 | _aOuellette, B. F. Francis. | |
| 907 |
_a.b10015383 _b23-09-04 _c17-04-03 |
||
| 003 | |||
| 005 | 20230123133130.0 | ||
| 040 | _cNUST | ||
| 942 |
_cBOOKS _kQP620 |
||
| 999 |
_c143298 _d143298 |
||